000 00248nam a2200121Ia 4500
100 _a#N/A
650 _aComputer/ IT
942 _cBK
654 _aspam control
245 _aSpam Control for Server & Desktop
260 _b#N/A
546 _aENGLISH
999 _c18337
_d18337